| 000 | 00397nam a2200169 4500 | ||
|---|---|---|---|
| 003 | OSt | ||
| 008 | 241023b |||||||| |||| 00| 0 eng d | ||
| 020 | _a9789351941446 | ||
| 082 | _a746.4 CRF | ||
| 100 | _aCRILL, Rosemary | ||
| 245 | _aFabric of India | ||
| 250 | _a1st. ed. | ||
| 260 |
_aNew Delhi, _bRoli Books Pvt. Ltd., _c2015, |
||
| 300 | _a248 p. | ||
| 650 | _aB.FAD. | ||
| 942 |
_2ddc _cREF |
||
| 999 |
_c12962 _d12962 |
||